000
00246nam a2200097Ia 4500
001
830775
005
20250826172324.0
008
250824s9999 xx 000 0 und d
245
0
_a
HAYVANLARIN ABCSİ
_c
BİLGİN ADALI
260
_b
HEP KİTAP YAYINLARI
999
_c
830775
_d
830775